Appropriate Building Materials (Record no. 6914)

MARC details
000 -LEADER
fixed length control field 00375nam a2200145Ia 4500
008 - FIXED-LENGTH DATA ELEMENTS--GENERAL INFORMATION
fixed length control field 230312s9999||||xx |||||||||||||| ||und||
082 ## - DEWEY DECIMAL CLASSIFICATION NUMBER
Classification number 686.209
Item number STU-A
100 ## - MAIN ENTRY--PERSONAL NAME
Personal name Stulz;Roland
245 #0 - TITLE STATEMENT
Title Appropriate Building Materials
260 ## - PUBLICATION, DISTRIBUTION, ETC.
Name of publisher, distributor, etc. Skat Publications
Place of publication, distribution, etc. Switzerland
Date of publication, distribution, etc. 1988
300 ## - PHYSICAL DESCRIPTION
Extent 433
546 ## - LANGUAGE NOTE
Language note Eng.
650 ## - SUBJECT ADDED ENTRY--TOPICAL TERM
Topical term or geographic name entry element Architecture
Form subdivision Building meterials
942 ## - ADDED ENTRY ELEMENTS (KOHA)
Koha item type BOOK
Holdings
Withdrawn status Lost status Source of classification or shelving scheme Damaged status Not for loan Home library Current library Date acquired Total Checkouts Full call number Barcode Date last seen Price effective from Koha item type
    Dewey Decimal Classification     Superior Information Resource Center (SIRC) Superior University- Main Campus Superior Information Resource Center (SIRC) Superior University- Main Campus 03/13/2023   686.209 STU-A 7019 03/13/2023 03/13/2023 BOOK

Powered by Koha